El curriculum: más allá de la teoría de la reproducción
Guardat en:
| Autor principal: | |
|---|---|
| Format: | Llibre |
| Idioma: | espanyol |
| Publicat: |
Madrid
Morata
1993
|
| Edició: | 2a. ed |
| Col·lecció: | Colección Pedagogía. La Pedagogía Hoy
|
| Matèries: | |
| Etiquetes: |
Afegir etiqueta
Sense etiquetes, Sigues el primer a etiquetar aquest registre!
|
MARC
| LEADER | 00000nam a2200000 a 4500 | ||
|---|---|---|---|
| 001 | UCU3009 | ||
| 003 | CL-VaPUC | ||
| 008 | 960502e19930000SP |||||||||||||||||spa|d | ||
| 020 | |a 8471123231 | ||
| 082 | 0 | 4 | |a 375 |b KEM |2 21 |
| 100 | |a Kemmis, Stephen |e author |9 411334 | ||
| 245 | 1 | 3 | |a El curriculum: más allá de la teoría de la reproducción |
| 250 | |a 2a. ed | ||
| 300 | |a 175 p | ||
| 942 | |c BK | ||
| 945 | |d 19960502 00:00:00 |a rbrito | ||
| 260 | |a Madrid |b Morata |c 1993 | ||
| 650 | 0 | |a Educación |9 258661 | |
| 650 | 0 | |a Currículo |9 307290 | |
| 583 | |a last modification |c 19960502 00:00:00 |k Rodrigo Vera | ||
| 490 | 0 | |a Colección Pedagogía. La Pedagogía Hoy | |
| 999 | |c 247149 |d 247147 | ||
| 952 | |0 0 |1 0 |4 0 |6 375_000000000000000_KEM_1993 |7 0 |8 P |9 262791 |a BIBEDU |b BIBEDU |c BIBEDU_PB |d 2019-11-19 |i 3196097 |o 375 KEM 1993 |p 3196097 |r 2024-01-25 |w 2019-11-19 |y BK |k EDU | ||